| Tag |
First Indicator |
Second Indicator |
Subfields |
| LEADER |
00000cam a22000001a 4500 |
| 001 |
in00003288521 |
| 006 |
m d f |
| 007 |
cr bn mmmapmmp |
| 008 |
091021s1990 dcua ob f000 0 eng d |
| 005 |
20260604205648.3 |
| 035 |
|
|
|a cis2007458530
|
| 040 |
|
|
|a UMI
|c UMI
|d UtOrBLW
|
| 043 |
|
|
|a n-us---
|
| 074 |
|
|
|a 1020-A, 1020-B (MF)
|
| 086 |
0 |
|
|a Y 4.J 89/1:101/108
|
| 088 |
|
|
|a Serial no. 108 (United States. Congress. House. Committee on the Judiciary)
|
| 099 |
|
|
|a HRG-1990-HJH-0025
|
| 110 |
1 |
|
|a United States.
|b Congress.
|b House.
|b Committee on the Judiciary.
|b Subcommittee on Courts, Intellectual Property, and the Administration of Justice.
|
| 245 |
1 |
0 |
|a Copyright infringement remedies and nursing home/videocassette copyright :
|b hearing before the Subcommittee on Courts, Intellectual Property, and the Administration of Justice of the Committee on the Judiciary, House of Representatives, One Hundred First Congress, second session, on H.R. 671 ... and H.R. 3158 ... April 5, 1990.
|
| 264 |
|
1 |
|a Washington :
|b U.S. G.P.O.,
|c 1990.
|
| 300 |
|
|
|a 1 online resource.
|
| 336 |
|
|
|a text
|b txt
|2 rdacontent
|
| 337 |
|
|
|a computer
|b c
|2 rdamedia
|
| 338 |
|
|
|a online resource
|b cr
|2 rdacarrier
|
| 500 |
|
|
|a Record is based on bibliographic data in ProQuest Congressional Hearings Digital Collection. Reuse except for individual research requires license from ProQuest, LLC.
|
| 504 |
|
|
|a Includes bibliographical references (pages 409-410).
|
| 538 |
|
|
|a System requirements: PDF reader software.
|
| 500 |
|
|
|a Electronic resource.
|
| 650 |
|
0 |
|a Copyright infringement
|z United States.
|
| 650 |
|
0 |
|a Copyright
|x Video recordings
|z United States.
|
| 650 |
|
0 |
|a Long-term care facilities
|x Law and legislation
|z United States.
|
| 655 |
|
7 |
|a Electronic books.
|2 local
|
| 710 |
2 |
|
|a ProQuest (Firm)
|
| 776 |
0 |
8 |
|i Print version:
|a United States. Congress. House. Committee on the Judiciary. Subcommittee on Courts, Intellectual Property, and the Administration of Justice
|t Copyright infringement remedies and nursing home/videocassette copyright
|w (DGPO)91063429
|w (OCoLC)23004735
|
| 776 |
0 |
8 |
|i Microfiche version:
|a United States. Congress. House. Committee on the Judiciary. Subcommittee on Courts, Intellectual Property, and the Administration of Justice
|t Copyright infringement remedies and nursing home/videocassette copyright.
|d [Bethesda, Md.] : ProQuest,[2004]
|o CIS 91 H521-18
|w (ProQuest)cis09100998
|
| 830 |
|
0 |
|a U.S. Congressional Hearings.
|
| 856 |
4 |
0 |
|u http://proxy.library.tamu.edu/login?url=https://congressional.proquest.com/congcomp/getdoc?HEARING-ID=HRG-1990-HJH-0025
|z Connect to the full text of this electronic book
|t 0
|
| 998 |
|
|
|a cis09100998
|
| 999 |
|
|
|a MARS
|
| 999 |
f |
f |
|s 3f95cda6-3612-3c75-b708-197f0002d1fa
|i f0825f0f-4d05-3151-aa22-98a40b425532
|t 0
|
| 952 |
f |
f |
|a Texas A&M University
|b College Station
|c Electronic Resources
|s www_evans
|d Available Online
|t 0
|e HRG-1990-HJH-0025
|h Other scheme
|
| 998 |
f |
f |
|a HRG-1990-HJH-0025
|t 0
|l Available Online
|